| 000 -LEADER |
| fixed length control field |
00387nam a22001457a 4500 |
| 003 - CONTROL NUMBER IDENTIFIER |
| control field |
OSt |
| 005 - DATE AND TIME OF LATEST TRANSACTION |
| control field |
20200521150424.0 |
| 008 - FIXED-LENGTH DATA ELEMENTS--GENERAL INFORMATION |
| fixed length control field |
200521b ||||| |||| 00| 0 eng d |
| 020 ## - INTERNATIONAL STANDARD BOOK NUMBER |
| International Standard Book Number |
9781119337843 |
| 082 ## - DEWEY DECIMAL CLASSIFICATION NUMBER |
| Classification number |
720.103 |
| 245 ## - TITLE STATEMENT |
| Title |
Housing as Intervention: Architecture towards social equity |
| 260 ## - PUBLICATION, DISTRIBUTION, ETC. (IMPRINT) |
| Place of publication, distribution, etc |
Wiley; 1 edition |
| Date of publication, distribution, etc |
(July 30, 201 |
| 700 ## - ADDED ENTRY--PERSONAL NAME |
| Personal name |
Editor: Kubey, Karen |
| 942 ## - ADDED ENTRY ELEMENTS (KOHA) |
| Source of classification or shelving scheme |
|